Lujo Properties Ltd v Green (Record no. 49622)

MARC details
000 -LEADER
fixed length control field 01601cab a2200241 4500
001 - CONTROL NUMBER
control field E84571
008 - FIXED-LENGTH DATA ELEMENTS--GENERAL INFORMATION
fixed length control field 090401t1997 xxu||||| |||| 00| 0 eng d
035 ## - SYSTEM CONTROL NUMBER
System control number (Sirsi) u78967
041 ## - LANGUAGE CODE
Language code of text/sound track or separate title eng
245 ## - TITLE STATEMENT
Title Lujo Properties Ltd v Green
260 ## - PUBLICATION, DISTRIBUTION, ETC.
Date of publication, distribution, etc. 1997
350 ## - PRICE (NR) (BK AM CF MU VM SE) [OBSOLETE]
Price 0
490 ## - SERIES STATEMENT
Series statement Scots Law Times
Volume/sequential designation 1997 SLT 225-240(16)
520 ## - SUMMARY, ETC.
Summary, etc. Outer House. Lord Penrose. 17 January 1996. Landlord and tenant - lease - construction - assignability - lease to firm and individual partners thereof and their successors - clause excluding assignees "without the previous consent in writing of the Landlords (which consent shall not be unreasonably withheld)" - whether lease assignable. Landlord and tenant - lease - construction - parties to lease- lease to firm and partners qua trustees of partnership - whether partners of dissolved firm personally liable for obligations of tenants - whether lease terminated at date of dissolution of partnership - Partnership Act 1890 (56 & 54 Vict, c39), s38. Partnership - dissolution - assets of partnership - whether assignable lease asset of partnership after its dissolution and available for realisation even though for time being no tenant in existence - whether lease terminated at date of dissolution of partnership. Partnership - dissolution - liability of partners.
650 ## - SUBJECT ADDED ENTRY--TOPICAL TERM
Topical term or geographic name entry element ASSIGNATION
650 ## - SUBJECT ADDED ENTRY--TOPICAL TERM
Topical term or geographic name entry element DISSOLUTION OF PARTNERSHIP
650 ## - SUBJECT ADDED ENTRY--TOPICAL TERM
Topical term or geographic name entry element LANDLORD AND TENANT
9 (RLIN) 6252
650 ## - SUBJECT ADDED ENTRY--TOPICAL TERM
Topical term or geographic name entry element PARTNERSHIP ACT 1890 S38
650 ## - SUBJECT ADDED ENTRY--TOPICAL TERM
Topical term or geographic name entry element PARTNERSHIP ACT 1890
690 ## - LOCAL SUBJECT ADDED ENTRY--TOPICAL TERM (OCLC, RLIN)
Topical term or geographic name as entry element LANDLORD AND TENANT-CASE LAW-BUSINESS TENANCIES
942 ## - ADDED ENTRY ELEMENTS (KOHA)
Suppress in OPAC 0
948 ## - LOCAL PROCESSING INFORMATION (OCLC); SERIES PART DESIGNATOR (RLIN)
c (OCLC) 17/06/1997
Holdings
Withdrawn status Lost status Source of classification or shelving scheme Damaged status Not for loan Home library Current library Shelving location Date acquired Total Checkouts Full call number Barcode Date last seen Copy number Price effective from Koha item type
    Dewey Decimal Classification     London London Journal article 14/09/1999   E84571 78967-1001 06/08/2019 1 06/08/2019 Law report